The Cherry Orchard (Record no. 332242)

000 -LEADER
fixed length control field 00490 a2200157 4500
003 - CONTROL NUMBER IDENTIFIER
control field NUST
005 - DATE AND TIME OF LATEST TRANSACTION
control field 20171121122942.0
008 - FIXED-LENGTH DATA ELEMENTS--GENERAL INFORMATION
fixed length control field 171121b xxu||||| |||| 00| 0 eng d
020 ## - INTERNATIONAL STANDARD BOOK NUMBER
International Standard Book Number 8130706059
024 ## - OTHER STANDARD IDENTIFIER
Standard number or code 9798130706053
040 ## - CATALOGING SOURCE
Transcribing agency 0
082 ## - DEWEY DECIMAL CLASSIFICATION NUMBER
Classification number 891.723 CHE
100 ## - MAIN ENTRY--PERSONAL NAME
Personal name Chekhov, Anton.
9 (RLIN) 319
245 ## - TITLE STATEMENT
Title The Cherry Orchard
Statement of responsibility, etc. Anton Chekhov
260 ## - PUBLICATION, DISTRIBUTION, ETC.
Place of publication, distribution, etc. New Delhi
Name of publisher, distributor, etc. Cosmo Publications india
Date of publication, distribution, etc. 2007
300 ## - PHYSICAL DESCRIPTION
Extent 173p.
500 ## - GENERAL NOTE
General note P.B
942 ## - ADDED ENTRY ELEMENTS (KOHA)
Koha item type Book
Call number prefix IESE
Source of classification or shelving scheme
Holdings
Withdrawn status Lost status Source of classification or shelving scheme Damaged status Not for loan Collection code Permanent Location Current Location Shelving location Date acquired Total Checkouts Full call number Barcode Date last seen Price effective from Koha item type
            Institute of Environmental Science and Engineering (IESE) Institute of Environmental Science and Engineering (IESE) Fiction 11/21/2017   891.723 CHE IESE-1382 11/21/2017 11/21/2017 Book
            Institute of Environmental Science and Engineering (IESE) Institute of Environmental Science and Engineering (IESE) General Stacks 12/14/2017   891.723 CHE IESE-1383 12/14/2017 12/14/2017 Book
© 2023 Central Library, National University of Sciences and Technology. All Rights Reserved.